Normal view
MARC view
- International Monetary Fund
Entry Corporate Name
001 - CONTROL NUMBER
- control field: 105092
003 - CONTROL NUMBER IDENTIFIER
- control field: NUST
005 - DATE AND TIME OF LATEST TRANSACTION
- control field: 20221216130242.0
008 - FIXED-LENGTH DATA ELEMENTS
- fixed length control field: 221216|| aca||aabn | a|a d
040 ## - CATALOGING SOURCE
- Original cataloging agency: NUST
- Transcribing agency: NUST
110 ## - HEADING--CORPORATE NAME
- Corporate name or jurisdiction name as entry element: International Monetary Fund
- Geographic subdivision: Developing countries
670 ## - SOURCE DATA FOUND
- Source citation: Work cat.: (NUST)0: Joyce, Joseph P. 105091, The IMF and global financial crises :, 2013.
